W poszukiwaniu nowego porzadku ekonomicznego.

Skúmanie systému trhového hospodárstva v Poľsku a vo svete. Možno hľadať v západnej tradícii trhového hospodárstva teoretické a empirické základy trhového hospodárstva vytvárajúceho sa v strednej a východnej Európe? Aké hnacie sily vytvárali trhovú ekonomiku na Západe a vo svete a aké sú jej základn...

ver descrição completa

Na minha lista:
Detalhes bibliográficos
Autor principal: Hübner, Danuta
Formato: Capítulo de Livro
Idioma:polonês
Assuntos:
Tags: Adicionar Tag
Sem tags, seja o primeiro a adicionar uma tag!

MARC

LEADER 00000naa a2200000 4500
001 r010213
005 20221125122757.9
041 0 |a pol 
044 |a PL 
245 1 0 |a W poszukiwaniu nowego porzadku ekonomicznego.  |c D. Hübner 
520 |a Skúmanie systému trhového hospodárstva v Poľsku a vo svete. Možno hľadať v západnej tradícii trhového hospodárstva teoretické a empirické základy trhového hospodárstva vytvárajúceho sa v strednej a východnej Európe? Aké hnacie sily vytvárali trhovú ekonomiku na Západe a vo svete a aké sú jej základné črty a rozdiely? Závislosť štát a trh. Hľadanie nového hospodárskeho poriadku v strednej Európe. 
610 2 0 |a hospodárstvo trhové 
610 2 0 |a PR 
610 2 0 |a svet 
610 2 0 |a východná Európa 
610 2 0 |a stredná Európa 
610 2 0 |a štát 
610 2 0 |a trh 
610 2 0 |a systémy sociálne 
610 2 0 |a systémy ekonomické 
100 1 |a Hübner, Danuta